| 000 | 00484nam a2200157Ia 4500 | ||
|---|---|---|---|
| 008 | 210716s1995 xx 000 0 und d | ||
| 020 | _a0873934091 | ||
| 041 | _aeng | ||
| 082 | _a519.5 PINW | ||
| 100 | _aPinney, William E;Mcwilliams, Donald B;Ormsby, Joseph G;Atchison, Mark. | ||
| 245 | _aIntroduction to quantitative methods for management. | ||
| 250 | _a1 | ||
| 260 |
_aHouston _bDAME publications inc. _c1995 |
||
| 300 | _axix,472 | ||
| 650 | _aStatistical Mathematics(519.5) | ||
| 999 |
_c200695 _d200695 |
||